Pautes per a la innovació del municipalisme des de les polítiques de joventut : Conclusions Conclusions
ISBN:
84-7794-348-6
Publicado:
Barcelona :
Diputació de Barcelona, Oficina del Pla Jove ; amb la coordinació de Fundació Francesc Ferrer i Guàrdia ,
1995
Descripción Física:
28 p. ; 21 cm
Colección:
Laboratori de polítiques de joventut ; 1
Materias:
Política de la joventut
MARC
| LEADER | 00000nam a2200000Ia 4500 | ||
|---|---|---|---|
| 001 | 10793 | ||
| 008 | 160829s1995 xx 000 0 cat d | ||
| 020 | |a 84-7794-348-6 | ||
| 080 | |a FU-12-11 | ||
| 245 | |a Pautes per a la innovació del municipalisme des de les polítiques de joventut : |b Conclusions | ||
| 260 | |a Barcelona : |b Diputació de Barcelona, Oficina del Pla Jove ; amb la coordinació de Fundació Francesc Ferrer i Guàrdia, |c 1995 | ||
| 300 | |a 28 p. ; |c 21 cm | ||
| 490 | |a Laboratori de polítiques de joventut ; 1 | ||
| 650 | 0 | |a Política de la joventut |9 20537 | |
| 710 | 1 | |a Barcelona (Catalunya : Província). |b Oficina del Pla Jove |9 52707 | |
| 710 | 2 | |a Fundació Francesc Ferrer i Guàrdia |9 52239 | |
| 901 | |a Arxiu | ||
| 942 | |n 1 | ||
| 952 | |0 0 |1 0 |4 0 |6 FU1211 |7 1 |9 41576 |a Arxiu |b Arxiu |d 2016-12-01 |l 0 |o FU-12-11 |p 10793 |r 2016-12-01 00:00:00 |w 2016-12-01 |y ARXIU | ||
| 999 | |c 43466 |d 43466 | ||